000 00501nam a22001697a 4500
003 OSt
008 260626b |||||||| |||| 00| 0 eng d
020 _a9789360536923
082 _a001.42
_bJ14R
100 _aJackson, Sherri L.
245 _aResearch Methods and Statistics: A Critical Thinking Approach / Sherri L. Jackson
250 _a5th. ed.
260 _aAustralia:
_bCengage,
_c2016.
300 _axx, 508 p.
650 _a Knowledge | Generalities | Research Methods
942 _2ddc
_cBK
999 _c52360
_d52360